| 000 | 00911nam a22003017a 4500 | ||
|---|---|---|---|
| 001 | 001009 | ||
| 003 | DO-SdBPM | ||
| 005 | 20241128112501.0 | ||
| 007 | 001009 | ||
| 008 | 160809b2006 sp || 00| 0 spa d | ||
| 020 | _a9788420470238 | ||
| 040 |
_a _bspa _cBPMSU |
||
| 082 | 4 |
_a862.6 _bM636t 2006 _222 |
|
| 092 |
_axxxxxxx _bxxxxxxx |
||
| 100 | 1 |
_aMihura, Miguel _d1905-1977 |
|
| 245 | 1 | 0 |
_aTres sombreros de copa / _cMiguel Mihura ; prólogo Manuel Longares |
| 260 |
_aMadrid, España : _bSantillana, _c2006. |
||
| 300 |
_a145 p. ; _c20 cm. |
||
| 490 | 0 | _aRoja | |
| 490 | 1 | _aAlfaguara | |
| 590 | _aInventariado, 2024/VM | ||
| 600 | 1 | 4 |
_aMihura, Miguel, _d1905-1977 _xCrítica e interpretación |
| 630 | 0 | 4 |
_aTres sombreros de copa _xCrítica e interpretación. |
| 650 | 4 | _aTeatro español | |
| 700 | 1 |
_aLongares, Manuel, _eprólogo |
|
| 910 | _aVMateo V. Control de calidad. BPMSU | ||
| 942 |
_2ddc _cBK |
||
| 999 |
_c11135 _d11135 |
||